Manažment rozpočtu EÚ a Slovenská republika

Zásady rozpočtovej politiky EÚ. Pravidlá rozpočtu. Rozpočtová nerovnováha Spojeného kráľovstva. Inštitucionálne zabezpečenie. Rozpočtová procedúra. Finančné záujmy Spoločenstva. Príjmy do rozpočtu, výdavky rozpočtu. SR a rozpočtová politika EÚ.

Salvato in:
Dettagli Bibliografici
Autore principale: Nováčková, Daniela
Natura: Capitolo di libro
Lingua:slovacco
Soggetti:
Tags: Aggiungi Tag
Nessun Tag, puoi essere il primo ad aggiungerne!!

MARC

LEADER 00000naa$a2200000$$$4500
001 0067800
005 20231106073459.0
041 0 |a slo 
044 |a SK 
245 1 0 |a Manažment rozpočtu EÚ a Slovenská republika  |c Daniela Nováčková 
520 |a Zásady rozpočtovej politiky EÚ. Pravidlá rozpočtu. Rozpočtová nerovnováha Spojeného kráľovstva. Inštitucionálne zabezpečenie. Rozpočtová procedúra. Finančné záujmy Spoločenstva. Príjmy do rozpočtu, výdavky rozpočtu. SR a rozpočtová politika EÚ. 
610 2 0 |a Európska únia 
610 2 0 |a rozpočet spoločný 
610 2 0 |a riadenie 
610 2 0 |a politika rozpočtová 
610 2 0 |a inštitúcia 
610 2 0 |a Slovensko 
100 1 |a Nováčková, Daniela